000 00514nam a22001817a 4500
003 BD-DhJNU
005 20241219053252.0
008 241219b |||||||| |||| 00| 0 eng d
020 _a9789849500537
040 _aBD-DhJNU
_beng
_cBD-DhJNU
_dBD-DhJNU
082 _223
_a347.549205
100 _aHalim, Md. Abdul
245 _aTextbook on civil procedure /
_cMd. Abdul Halim
260 _aDhaka :
_bBeacon Publications,
_c2022
300 _a526 p.:
_bill. ;
_c22cm.
650 _aCivil procedure
942 _2ddc
_cBK
_n0
999 _c1014
_d1014